Factor influencing a decision-making process regarding capital structure as well as business development

Gespeichert in:
Bibliographische Detailangaben
1. Verfasser: Kráľovič, Jozef
Weitere Verfasser: Hyránek, Eduard, 1955-
Format: Buchkapitel
Sprache:Englisch
Tags: Tag hinzufügen
Keine Tags, Fügen Sie das erste Tag hinzu!

MARC

LEADER 00000naa$a2200000$$$4500
001 0060562
005 20240502083144.2
041 0 |a eng 
044 |a CZ 
245 1 0 |a Factor influencing a decision-making process regarding capital structure as well as business development  |c Jozef Kráľovič, Eduard Hyránek 
100 1 |a Kráľovič, Jozef 
700 1 |a Hyránek, Eduard, 1955-